Criminologa̕ Jurd̕ica Penal Enfoques jurd̕icos, procesales, doctrinales y psicolg̤icos de la criminalidad /

Bibliographic Details
Main Author: Přez Tolentino, Jorge Alberto
Other Authors: Ro̕s Patio, Gino, Hikal, Wael
Format: eBook
Language:Spanish
Subjects:
Online Access:Acceso restringido

MARC

LEADER 00000nam a22000007a 4500
005 20220411233039.0
007 cr|||| ||||
008 220411s2022 pe |||||s|||| 00||0 spa d
020 |a 978-612-4460-40-1 
035 |a 36168 
040 |a vLex 
090 |c 13166  |d 13166 
100 1 |a Přez Tolentino, Jorge Alberto 
245 1 0 |a Criminologa̕ Jurd̕ica Penal  |h [Recurso electrn̤ico] :  |b Enfoques jurd̕icos, procesales, doctrinales y psicolg̤icos de la criminalidad /  |c Jorge Alberto Přez Tolentino, Gino Ro̕s Patio, Wael Hikal 
256 |a Servicio en ln̕ea 
300 |a 1 recurso electrn̤ico 
506 1 |a Disponible solo en los productos indicados  |d vLex Global  |d vLex Global (Academic Edition, excluding Law Schools)  |d vLex Global (U.S. Academic Edition, Law Schools)  |d vLex Global (U.S. Academic Edition, excluding Law Schools)  |d vLex Global (Academic Edition, Law Schools) 
650 0 4 |a Derecho Penal  |z Per︢ 
700 1 |a Ro̕s Patio, Gino 
700 1 |a Hikal, Wael 
740 0 |a vLex Libros (Servicio en ln̕ea) 
856 4 0 |u https://app.vlex.com/#/sources/36168  |z Acceso restringido 
942 |c BOOK 
999 0 |a Criminal law